[Event "Polva op 29th"]
[Site "Polva"]
[Date "2008.08.16"]
[Round "3"]
[White "Siidiratsep, Endel"]
[Black "Sander, Kristian"]
[Result "1/2-1/2"]
[WhiteElo "1946"]
[BlackElo "2094"]
[PlyCount "48"]
[EventDate "2008.08.15"]
[EventType "swiss"]
[EventRounds "7"]
[EventCountry "EST"]
[SourceTitle "EXT 2009"]
[Source "ChessBase"]
[SourceDate "2008.11.26"]
[SourceVersion "1"]
[SourceVersionDate "2008.11.26"]
[SourceQuality "1"]

1. d4 Nf6 2. c4 e6 3. Nc3 c5 4. d5 exd5 5. cxd5 d6 6. e4 g6 7. Bg5 Bg7 8. Qd2 0-0 9. 0-0-0 Qa5 10. Kb1 Bd7 11. Bd3 Qc7 12. f3 c4 13. Bc2 b5 14. h4 h5 15. Bh6 Na6 16. Nh3 Nc5 17. Rhg1 b4 18. Ne2 a5 19. Bxg7 Kxg7 20. Rc1 Na4 21. Bxa4 Bxa4 22. Nf2 Qc5 23. Qd4 Rac8 24. Qxc5 Rxc5 1/2-1/2

[Event "Polva op 29th"]
[Site "Polva"]
[Date "2008.08.15"]
[Round "2"]
[White "Komlev, Heino"]
[Black "Siidiratsep, Endel"]
[Result "0-1"]
[WhiteElo "1792"]
[BlackElo "1946"]
[PlyCount "92"]
[EventDate "2008.08.15"]
[EventType "swiss"]
[EventRounds "7"]
[EventCountry "EST"]
[SourceTitle "EXT 2009"]
[Source "ChessBase"]
[SourceDate "2008.11.26"]
[SourceVersion "1"]
[SourceVersionDate "2008.11.26"]
[SourceQuality "1"]

1. d4 d5 2. Bf4 e6 3. Nf3 Nd7 4. e3 c5 5. c4 Ngf6 6. Nc3 Be7 7. Qc1 Qa5 8. Bd3 dxc4 9. Bxc4 a6 10. 0-0 b5 11. Bd3 Bb7 12. Nd2 Rc8 13. Qb1 Qb6 14. Be5 0-0 15. f3 Rfd8 16. Kh1 Nf8 17. Nde4 Nxe4 18. Bxe4 f6 19. Bxb7 Qxb7 20. Bg3 cxd4 21. exd4 Rxd4 22. Ne4 Qc6 23. a3 Rc4 24. Nc3 Rd8 25. Be1 e5 26. Qa2 Kh8 27. Ne4 Ne6 28. Ba5 Rd7 29. h3 h6 30. Nc3 Nd4 31. Rae1 Nf5 32. Kh2 Bd6 33. Ne4 Bb8 34. b3 Rc2 35. Qb1 Nd4 36. Rc1 Nxf3+ 37. Kh1 Nd4 38. Rxc2 Qxc2 39. Qc1 Ba7 40. Bd2 Qxc1 41. Rxc1 Nxb3 42. Rc8+ Kh7 43. Bc3 f5 44. Nd2 Nxd2 45. Bxe5 Nc4 46. Bb8 Nxa3 0-1